Classement 2025 des villes les plus dangereuses - Statistiques

Statistiques générales
  • Ce quiz a été pris 99 fois
  • Le résultat moyen est 5 sur 10
Statistiques - réponses
Hint Réponse % Correct
10 Marseille
97%
6 Paris
97%
3 Lille
78%
5 Lyon
77%
1 Bordeaux
65%
2 Grenoble
62%
4 Rouen
25%
8 Angoulême
3%
9 Annemasse
3%
7 Puteaux
2%
Aucun quiz correspondant
Distribution des résultats
% des personnes avec chaque résultat
Percentile par nombre de réponses
Votre historique - résultats
Vous n’avez pas pris ce quiz